Countries of Europe By Their Coins - Statistics

General Stats
  • This quiz has been taken 31 times
  • The average score is 34 of 43
Answer Stats
Picture Answer % Correct
Luxembourg
96%
Malta
96%
Slovakia
96%
Andorra
91%
Bosnia & Herzegovina
91%
Estonia
91%
Ireland
91%
Lithuania
91%
Monaco
91%
San Marino
91%
Vatican City
91%
Albania
87%
Croatia
87%
Greece
87%
Hungary
87%
Latvia
87%
Spain
87%
Sweden
87%
Belarus
83%
Denmark
83%
Netherlands
83%
Poland
83%
Russia
83%
Slovenia
83%
United Kingdom
83%
Bulgaria
78%
Cyprus
78%
France
78%
Germany
78%
Norway
78%
Portugal
74%
Serbia
74%
Belgium
70%
Iceland
70%
Moldova
65%
North Macedonia
65%
Switzerland
61%
Ukraine
61%
Austria
57%
Czechia
57%
Italy
57%
Romania
57%
Finland
43%
No matching quizzes found
Score Distribution
Percent of People with Each Score
Percentile by Number Answered
Your Score History
You have not taken this quiz